000 00606nam a22001817a 4500
999 _c62545
_d62545
005 20241204112328.0
008 241204s2007 enk||||| |||| 00| 0 eng d
020 _a9780143113102x
041 _aeng
080 _a612.82 : 159.925 : 616.8 D-70
100 _aDoidge, Norman
_923854
245 _aThe Brain That Changes Itself :
_bStories of Personal Triumph from the Frontiers of Brain Science /
_c Norman Doidge.
264 _aLondon :
_b‎Penguin,
_c2007.
300 _a428 p.;
_b22 cm.
653 _aმედიცინა
653 _aფსიქოლოგია
942 _2udc
_cᲬᲘᲒᲜᲘ